000 00570nam a2200193Ia 4500
003 GCL
008 140319s9999 xx 000 0 eng d
040 _aGCL /
_cGCL
082 0 4 _a372.37
_bW H
100 1 _aWALKER, HERBERT
245 1 0 _aHEALTH IN THE ELMENTARY SCHOOL: THE ROLE OF THE CLASSROM TEACHER /
_cWALKER, HERBERT
260 _a[S.N] :
_bTHE RONALD PRESS COMPANY ،
_c1955
300 _a228 P
650 0 4 _aEDUCATION - PRIMARY - CHILDREN
650 0 4 _aEDUCATION
650 0 4 _aHEALTH EDUCATION
650 0 4 _aHEALTH EDUCATION ELEMENTARY
942 _2ddc
_cBK
999 _c14814
_d14814